ARRUPE JESUIT UNIVERSITY

CORONAVIRUS -STOP THE SPREAD - CLEAN,DISINFECT,COVER

The land reform deception : (Record no. 129610)

MARC details
000 -LEADER
fixed length control field 01911cam a22003858i 4500
001 - CONTROL NUMBER
control field 18776622
003 - CONTROL NUMBER IDENTIFIER
control field ARRUPE
005 - DATE AND TIME OF LATEST TRANSACTION
control field 20190521112125.0
008 - FIXED-LENGTH DATA ELEMENTS--GENERAL INFORMATION
fixed length control field 150811s2016 nyu b 001 0 eng c
010 ## - LIBRARY OF CONGRESS CONTROL NUMBER
LC control number 2015031320
020 ## - INTERNATIONAL STANDARD BOOK NUMBER
International Standard Book Number 9780199398294 (hardcover : alk. paper)
040 ## - CATALOGING SOURCE
Original cataloging agency IEN/DLC
Language of cataloging eng
Transcribing agency IEN
Description conventions rda
Modifying agency DLC
042 ## - AUTHENTICATION CODE
Authentication code pcc
050 00 - LIBRARY OF CONGRESS CALL NUMBER
Classification number HD1333.Z55
Item number L38 2016
082 04 - DEWEY DECIMAL CLASSIFICATION NUMBER
Classification number 333.316891
Edition number 23
300 ## - PHYSICAL DESCRIPTION
Dimensions 24cm.
100 1# - MAIN ENTRY--PERSONAL NAME
Personal name Laurie, Alexander Charles,
Dates associated with a name 1974-
9 (RLIN) 46417
245 14 - TITLE STATEMENT
Title The land reform deception :
Remainder of title political opportunism in Zimbabwe's land seizure era /
Statement of responsibility, etc Charles Laurie.
260 ## - PUBLICATION, DISTRIBUTION, ETC. (IMPRINT)
Place of publication, distribution, etc Oxford
Name of publisher, distributor, etc Oxford University Press
Date of publication, distribution, etc 2016
263 ## - PROJECTED PUBLICATION DATE
Projected publication date 1111
300 ## - PHYSICAL DESCRIPTION
Extent xvi, 398p. ;
504 ## - BIBLIOGRAPHY, ETC. NOTE
Bibliography, etc Includes bibliographical references and index.
505 0# - FORMATTED CONTENTS NOTE
Formatted contents note Overview of the land seizure era -- ZANU-PF's land redistribution gamble -- Mugabe targets agriculture : land reform or political gimmick? -- Strategy behind farm seizures -- Suppressing the MDC -- Seizing land and agri-property -- Moving onto farms : the emergence of extortion and "protection" schemes -- Seizing farms : farmer eviction methods -- Impact on commercial agriculture production -- Conclusion.
610 20 - SUBJECT ADDED ENTRY--CORPORATE NAME
Corporate name or jurisdiction name as entry element Fast Track Land Reform Programme (Zimbabwe)
9 (RLIN) 46418
650 #0 - SUBJECT ADDED ENTRY--TOPICAL TERM
Topical term or geographic name as entry element Land reform
Geographic subdivision Zimbabwe.
9 (RLIN) 11113
650 #0 - SUBJECT ADDED ENTRY--TOPICAL TERM
Topical term or geographic name as entry element Land tenure
Geographic subdivision Zimbabwe.
9 (RLIN) 11112
650 #0 - SUBJECT ADDED ENTRY--TOPICAL TERM
Topical term or geographic name as entry element Agriculture and state
Geographic subdivision Zimbabwe.
9 (RLIN) 13255
651 #0 - SUBJECT ADDED ENTRY--GEOGRAPHIC NAME
Geographic name Zimbabwe
General subdivision Economic conditions
Chronological subdivision 21st century.
9 (RLIN) 46419
651 #0 - SUBJECT ADDED ENTRY--GEOGRAPHIC NAME
Geographic name Zimbabwe
General subdivision Politics and government
Chronological subdivision 21st century.
9 (RLIN) 31966
906 ## - LOCAL DATA ELEMENT F, LDF (RLIN)
a 0
b vip
c orignew
d 1
e ecip
f 20
g y-gencatlg
942 ## - ADDED ENTRY ELEMENTS (KOHA)
Source of classification or shelving scheme Library of Congress Classification
Koha item type Monograph ( Printed materials)
Holdings
Withdrawn status Lost status Source of classification or shelving scheme Damaged status Not for loan Collection code Home library Current library Shelving location Date acquired Total Checkouts Full call number Barcode Date last seen Date checked out Price effective from Koha item type
    Library of Congress Classification     Main Collection ARRUPE LIBRARY ARRUPE LIBRARY Main Collection 21/05/2019 2 HD1333.Z55 L38 2016 46600004782 22/04/2021 07/02/2020 21/05/2019 Monograph ( Printed materials)

 

Arrupe Library. PO Box MP320 Mt Pleasant, Harare, Zimbabwe
263 242 745411|librarian@aju.ac.zw